000 00558nam a2200217 a 4500
999 _c4857
_d4857
001 4857
003 BD-JhCC
005 20171204183543.0
008 171204s1967 e |||| ||a| 000 0 eng d
035 _a(BD-JhCC) 4857
040 _aBD-JhCC
_dBD-JhCC
041 _aeng
082 _a428.2496
_bRUS 1966
100 _aRussel, Anthony
245 _aTesting Comprehension /
_c Anthony Russel
260 _aLondon :
_bHeinemann Eductional Books ltd ,
_c1966
300 _a97 p .:
_c19 cm .
650 _aEnglish language
942 _2ddc
_cBK